000 00430nam a2200181Ia 4500
005 20240823005450.0
008 240823s9999||||xx |||||||||||||| ||und||
041 _aENGLISH
082 _A620.1 N7
100 _aMalhotra M M [etal]
245 0 _aText Book of Applied Mechanics
250 _a1st
260 _c1997
_b"New Age,New Delhi"
500 _aYES
650 _aMechanics
_bMechanical
942 _cBK
999 _c155798
_d155798